| 000 | 00837cac a22002411u 4500 | ||
|---|---|---|---|
| 090 | _c9486 | ||
| 008 | 081102t1993 xxu||||| |||| 00| 0 eng d | ||
| 010 | _a 92021240 | ||
| 020 | _a0136564143 | ||
| 082 | 0 | 0 |
_a003.1 _bPER |
| 245 | 0 | 0 |
_aPerturbation signals for system identification / _cEdited by Keith Godfrey |
| 260 |
_aNew York : _bPrentice Hall, _cc1993. |
||
| 300 |
_axx, 439 p. : _bill. ; _c24 cm. |
||
| 440 | 0 | _aPrentice Hall international series in acoustics, speech, and signal processing | |
| 500 | _aDistributer: Al-Ahram | ||
| 504 | _aIncludes bibliographical references (p. 422-435) and index. | ||
| 511 | _aCatalogued by: Sara | ||
| 650 | 0 | _aSignal processing. | |
| 650 | 0 | _aSystem identification. | |
| 700 | 1 | _aGodfrey, Keith | |
| 942 |
_cBB _k003.1PER _2ddc |
||
| 999 |
_c9486 _d9486 |
||